Catalog

Record Details

Catalog Search



The right, the good and the happy  Cover Image Book Book

The right, the good and the happy / by Bernard L. Ramm

Ramm, Bernard L. (Author).

Record details

  • Physical Description: 188 p.
  • Edition: 1st ed.
  • Publisher: Waco, Texas Word Books Publisher 1971

Available copies

  • 1 of 1 copy available at Common Catalog SPOK.

Holds

  • 0 current holds with 1 total copy.
Show Only Available Copies
Location Call Number / Copy Notes Barcode Shelving Location Status Due Date
ETS Library 241 424470001498 Volný výběr Available -

LDR 00614nam a2 00229
00144922
003CZ-PrJAB
00520030523000000.0
008030324s1971 xxu e |||| |eng
009us
035 . ‡a(CONS)7922
035 . ‡aKPS1461
041 . ‡aeng
08214. ‡a241
100 . ‡7841 ‡aRamm, Bernard L.
245 . ‡aThe right, the good and the happy / ‡cby Bernard L. Ramm
250 . ‡a1st ed.
260 . ‡aWaco, Texas ‡bWord Books Publisher ‡c1971
300 . ‡a188 p.
653 . ‡aThe right, the good and the happy
8524 . ‡bETS ‡bETS ‡cVolný výběr ‡j241 ‡gA ‡p424470001498
910 . ‡aABG450
999 . ‡a7922 ‡bAUTOGEN ‡c7922 ‡tbiblio
905 . ‡uadmin
901 . ‡a44922 ‡b ‡c44922 ‡tbiblio ‡sets

Additional Resources